| 000 | 01022nam a2200265Ia 4500 | ||
|---|---|---|---|
| 003 | OSt | ||
| 005 | 20220923211031.0 | ||
| 006 | a|||||r|||| 00| 0 | ||
| 007 | ta | ||
| 008 | 220922b |||||||| |||| 00| 0 hin d | ||
| 020 |
_a8171243452 (hbk) _c160 |
||
| 024 | _a238,900 | ||
| 037 |
_b385, 29/01/2009, Vani Prakashan _cTextual |
||
| 040 |
_aARTS _cARTS _bhin |
||
| 041 |
_2hin _ahin |
||
| 082 | _aO152,1N133:g, P3 | ||
| 100 |
_aमिश्र, अनुपम _9156290 |
||
| 245 | 0 | _aभवानीप्रसाद मिश्र और उनका काव्य - संसार | |
| 246 | _aBhavānīprasād mishra aur unakā kāvya - sansāra | ||
| 260 |
_aवाराणसी _b विश्वविद्यालय प्रकाशन _c2003 |
||
| 300 |
_a154पृ. _ccm. |
||
| 650 |
_aहिन्दी साहित्य _9156264 |
||
| 942 |
_hO152,1N133:g, P3 _cTEXL _2CC |
||
| 999 |
_c294222 _d294222 |
||